История газетно-журнальной иллюстрации (Запись № 11503083)

Подробности
000 -МАРКЕР
контрольное поле 01497nam1a2200289 4500
001 - ИДЕНТИФИКАТОР ЗАПИСИ
контрольное поле RU\NLR\BIBL_A\011117911
005 - ИДЕНТИФИКАТОР ВЕРСИИ
контрольное поле 20260323093746.0
035 ## - ДРУГИЕ СИСТЕМНЫЕ НОМЕРА
Идентификатор записи (NLR Aleph) 011117911
100 ## - ДАННЫЕ ОБЩЕЙ ОБРАБОТКИ
Данные общей обработки 20260329 rusy50
101 0# - ЯЗЫК РЕСУРСА
Язык текста, звукозаписи и т.д. русский
102 ## - СТРАНА ПУБЛИКАЦИИ ИЛИ ПРОИЗВОДСТВА
Страна публикации Российская Федерация
105 ## - ПОЛЕ КОДИРОВАННЫХ ДАННЫХ: ТЕКСТОВЫЕ МАТЕРИАЛЫ, МОНОГРАФИЧЕСКИЕ
Кодированные данные о монографическом текстовом документе ||||z |||||
200 1# - ЗАГЛАВИЕ И СВЕДЕНИЯ ОБ ОТВЕТСТВЕННОСТИ
Основное заглавие История газетно-журнальной иллюстрации
Сведения, относящиеся к заглавию сборник статей
Первые сведения об ответственности С.-Петерб. гос. ун-т, Ин-т "Высш. шк. журналистики и массовых коммуникаций"
Последующие сведения об ответственности [сост: О. Н. Ансберг, к. ист. н., Е. С. Сонина, к. филол. н.]
210 ## - ПУБЛИКАЦИЯ, РАСПРОСТРАНЕНИЕ И ДР.
Место издания, распространения и т.д. Санкт-Петербург
Имя издателя, распространителя и т. д. Своё изд-во
Дата издания, распространения и т.д. 2016
215 ## - ФИЗИЧЕСКАЯ ХАРАКТЕРИСТИКА
Размеры 21
606 1# - НАИМЕНОВАНИЕ ТЕМЫ КАК ПРЕДМЕТ
Наименование темы Иллюстрация
Формальный подзаголовок Сборники
Системный номер авторитетной/нормативной записи 1258512
Идентификатор авторитетной/нормативной записи RU\NLR\AUTH\66516337
606 1# - НАИМЕНОВАНИЕ ТЕМЫ КАК ПРЕДМЕТ
Наименование темы Иллюстрированные периодические издания
Формальный подзаголовок Сборники
Системный номер авторитетной/нормативной записи 2283196
Идентификатор авторитетной/нормативной записи RU\NLR\AUTH\6601595878
686 1# - ИНДЕКСЫ ДРУГИХ КЛАССИФИКАЦИЙ
Индекс Щ153(0)-475.46
686 1# - ИНДЕКСЫ ДРУГИХ КЛАССИФИКАЦИЙ
Индекс Ч612.174.3я43
702 #1 - ИМЯ ЛИЦА - ВТОРИЧНАЯ ОТВЕТСТВЕННОСТЬ
Начальный элемент ввода Ансберг
Часть имени, кроме начального элемента ввода О.Н.
Расширение инициалов личного имени Ольга Николаевна
Код отношения Составитель
712 02 - НАИМЕНОВАНИЕ ОРГАНИЗАЦИИ - ВТОРИЧНАЯ ОТВЕТСТВЕННОСТЬ
Код отношения Прочие
Начальный элемент ввода Санкт-Петербургский государственный университет
Структурное подразделение Высшая школа журналистики и массовых коммуникаций
Системный номер авторитетной/нормативной записи 380959
Идентификатор авторитетной/нормативной записи RU\NLR\AUTH\8810247670
852 ## - МЕСТОНАХОЖДЕНИЕ И ШИФР ХРАНЕНИЯ
Идентификатор организации NLR
Шифр хранения (Call Number) 2016-3/11100
942 ## - ДОПОЛНИТЕЛЬНЫЕ ЭЛЕМЕНТЫ ЗАПИСИ (АБИС)
Тип экземпляра АБИС Книга
980 ## - КОЛЛЕКЦИЯ
Название коллекции Национальная библиография

Нет доступных экземпляров.